Fulness of days (Record no. 367495)

000 -LEADER
fixed length control field 00426cam a22001337a 4500
008 - FIXED-LENGTH DATA ELEMENTS--GENERAL INFORMATION
fixed length control field 180718b1957 xxu||||| |||| 00| 0 eng d
082 ## - DEWEY DECIMAL CLASSIFICATION NUMBER
Classification number A99 H139
100 ## - MAIN ENTRY--PERSONAL NAME
Personal name Halifax, Edward Frederick
245 ## - TITLE STATEMENT
Title Fulness of days
Statement of responsibility, etc. by Edward Frederick Halifax
260 ## - PUBLICATION, DISTRIBUTION, ETC.
Place of publication, distribution, etc. London
Name of publisher, distributor, etc. Collins
Date of publication, distribution, etc. 1957
300 ## - PHYSICAL DESCRIPTION
Extent 319p.
500 ## - GENERAL NOTE
General note Governor General of India (Baron Irwin) 1926-31
650 ## - SUBJECT ADDED ENTRY--TOPICAL TERM
Topical term or geographic name entry element Great Britain --Foreign relations --20th century
Holdings
Withdrawn status Lost status Damaged status Not for loan Permanent Location Current Location Date acquired Full call number Barcode Date last seen Price effective from Koha item type
        Indian Institute of Public Administration Indian Institute of Public Administration 1994-05-13 A99 H139 6299 2018-07-21 2018-07-21 Book

Powered by Koha